<?xml version="1.0" encoding="UTF-8"?>
<record
    xmlns:xsi="http://www.w3.org/2001/XMLSchema-instance"
    xsi:schemaLocation="http://www.loc.gov/MARC21/slim http://www.loc.gov/standards/marcxml/schema/MARC21slim.xsd"
    xmlns="http://www.loc.gov/MARC21/slim">

  <leader>00404nam a2200133Ia 4500</leader>
  <controlfield tag="008">230917s9999||||xx |||||||||||||| ||und||</controlfield>
  <datafield tag="040" ind1=" " ind2=" ">
    <subfield code="e">178308</subfield>
    <subfield code="a">MAIN</subfield>
  </datafield>
  <datafield tag="041" ind1=" " ind2=" ">
    <subfield code="a">English</subfield>
  </datafield>
  <datafield tag="082" ind1=" " ind2=" ">
    <subfield code="a">294.592609 A53P</subfield>
  </datafield>
  <datafield tag="100" ind1=" " ind2=" ">
    <subfield code="a">&#x905;&#x928;&#x93F;&#x932;</subfield>
  </datafield>
  <datafield tag="245" ind1=" " ind2="0">
    <subfield code="a">&#x92A;&#x94D;&#x930;&#x92E;&#x941;&#x916; &#x938;&#x94D;&#x92E;&#x943;&#x924;&#x93F;&#x92F;&#x94B;&#x902; &#x92E;&#x947;&#x902; &#x906;&#x936;&#x94D;&#x930;&#x92E; &#x935;&#x94D;&#x92F;&#x935;&#x938;&#x94D;&#x925;&#x93E;-&#x90F;&#x915; &#x905;&#x927;&#x94D;&#x92F;&#x92F;&#x928;</subfield>
  </datafield>
  <datafield tag="300" ind1=" " ind2=" ">
    <subfield code="a">111 p.</subfield>
  </datafield>
  <datafield tag="942" ind1=" " ind2=" ">
    <subfield code="c">TH</subfield>
  </datafield>
  <datafield tag="952" ind1=" " ind2=" ">
    <subfield code="0">0</subfield>
    <subfield code="1">0</subfield>
    <subfield code="4">0</subfield>
    <subfield code="6">294_592609000000000_A53P</subfield>
    <subfield code="7">0</subfield>
    <subfield code="9">115194</subfield>
    <subfield code="a">MAIN</subfield>
    <subfield code="b">MAIN</subfield>
    <subfield code="d">2011-01-18</subfield>
    <subfield code="l">0</subfield>
    <subfield code="o">294.592609 A53P</subfield>
    <subfield code="p">149120</subfield>
    <subfield code="r">2023-09-17 20:56:14</subfield>
    <subfield code="w">2023-09-17</subfield>
    <subfield code="y">TH</subfield>
  </datafield>
  <datafield tag="999" ind1=" " ind2=" ">
    <subfield code="c">74391</subfield>
    <subfield code="d">74391</subfield>
  </datafield>
</record>
